El juego de Berlín
Enregistré dans:
| Auteur principal: | |
|---|---|
| Format: | Livre |
| Langue: | espagnol |
| Publié: |
Barcelona
Planeta
2000
|
| Édition: | 3a. ed |
| Collection: | Clásicos de Nuestro Tiempo, 4
|
| Sujets: | |
| Tags: |
Ajouter un tag
Pas de tags, Soyez le premier à ajouter un tag!
|
MARC
| LEADER | 00000nam a2200000 a 4500 | ||
|---|---|---|---|
| 001 | UCI6537 | ||
| 003 | CL-VaPUC | ||
| 008 | 080509e20000000SP |||||||||||||||||spa|d | ||
| 020 | |a 8408464627 | ||
| 082 | 0 | 4 | |a 813 |b DEI |2 21 |
| 100 | 0 | |a Deighton, Len |e author |9 529447 | |
| 245 | 1 | 3 | |a El juego de Berlín |
| 250 | |a 3a. ed | ||
| 300 | |a 315 p | ||
| 942 | |c BK | ||
| 945 | |d 20080509 00:00:00 |a jtorresc | ||
| 260 | |a Barcelona |b Planeta |c 2000 | ||
| 650 | 0 | |a Novelas estadounidenses |9 265217 | |
| 650 | 0 | |a Literatura estadounidense |9 317168 | |
| 583 | |a last modification |c 20080509 00:00:00 |k Rodrigo Vera | ||
| 490 | 0 | |a Clásicos de Nuestro Tiempo, 4 | |
| 999 | |c 330010 |d 330008 | ||